Empires Whose Collapse Created More Than 5 Countries - Statistics

General Stats
  • This quiz has been taken 121 times
  • The average score is 4 of 7
Answer Stats
Countries Made Answer % Correct
15 Soviet Union
94%
10 Ottoman Empire
69%
7 Yugoslavia
61%
50+ British Empire
59%
20+ French Empire
56%
18+ Spanish Empire
56%
7 Austria-Hungary
40%
No matching quizzes found
Score Distribution
Percent of People with Each Score
Percentile by Number Answered
Your Score History
You have not taken this quiz